000 00916nmm a2200265 a 4500
001 ocm0001162308
003 TR-IsHL
005 20201028154119.0
008 150709s2015 tu tur
007 cr cn
020 _a9786054539789
035 _a1162308
_b(N$T)
050 0 4 _aG73
_b.T64 2015
090 0 4 _aG73
_b.T64 2015
100 1 _aToğrul, Olcay
245 1 0 _aCoğrafya deneme kitabı: LYS-3, LYS-4
_h[electronic resource] /
_cOlcay Toğrul
260 _aİstanbul :
_bYalın Yayıncılık,
_c2015
300 _a157 p.
650 4 _aGenel Çalışmalar
650 4 _aGeneral Works
650 0 _aCoğrafya
_x Çalışma ve öğretim
_x Türkiye
650 0 _aGeography
_x Study and teaching (Higher)
_x Turkey
650 7 _aEDUCATION / Teaching Methods & Materials / General
_2bisacsh
856 4 0 _uhttp://search.ebscohost.com/login.aspx?direct=true&scope=site&db=e011xww&AN=1162308
999 _c12404
_d12404